EDGE for mobile Internet / (Record no. 60564)

000 -LEADER
fixed length control field 01210cam a22003134a 4500
001 - CONTROL NUMBER
control field 13013993
003 - CONTROL NUMBER IDENTIFIER
control field NUST-PNEC
005 - DATE AND TIME OF LATEST TRANSACTION
control field 20170116180701.0
008 - FIXED-LENGTH DATA ELEMENTS--GENERAL INFORMATION
fixed length control field 021126s2003 maua b 001 0 eng
010 ## - LIBRARY OF CONGRESS CONTROL NUMBER
LC control number 2002043668
020 ## - INTERNATIONAL STANDARD BOOK NUMBER
International Standard Book Number 1580535976 (alk. paper)
040 ## - CATALOGING SOURCE
Original cataloging agency DLC
Transcribing agency PNEC
Modifying agency DLC
042 ## - AUTHENTICATION CODE
Authentication code pcc
050 00 - LIBRARY OF CONGRESS CALL NUMBER
Classification number TK5103.4885
Item number .S48 2003
082 00 - DEWEY DECIMAL CLASSIFICATION NUMBER
Classification number 004.678 SEU
100 1# - MAIN ENTRY--PERSONAL NAME
Personal name Seurre, Emmanuel.
245 10 - TITLE STATEMENT
Title EDGE for mobile Internet /
Statement of responsibility, etc. Emmanuel Seurre, Patrick Savelli, Pierre-Jean Pietri.
260 ## - PUBLICATION, DISTRIBUTION, ETC.
Place of publication, distribution, etc. Boston :
Name of publisher, distributor, etc. Artech House,
Date of publication, distribution, etc. c2003.
300 ## - PHYSICAL DESCRIPTION
Extent xi, 228 p. :
Other physical details ill. ;
Dimensions 24 cm.
440 #0 - SERIES STATEMENT/ADDED ENTRY--TITLE
Title Artech House mobile communications series
500 ## - GENERAL NOTE
General note http://www.amazon.com/EDGE-Mobile-Internet-Emmanuel-Seurre/dp/1580535976/ref=sr_1_1?s=books&ie=UTF8&qid=1410246271&sr=1-1&keywords=1580535976
504 ## - BIBLIOGRAPHY, ETC. NOTE
Bibliography, etc. note Includes bibliographical references and index.
650 #0 - SUBJECT ADDED ENTRY--TOPICAL TERM
Topical term or geographic name entry element Wireless Internet.
General subdivision EL, MIS
700 1# - ADDED ENTRY--PERSONAL NAME
Personal name Savelli, Patrick.
700 1# - ADDED ENTRY--PERSONAL NAME
Personal name Pietri, Pierre-Jean.
906 ## - LOCAL DATA ELEMENT F, LDF (RLIN)
a 7
b cbc
c orignew
d 1
e ocip
f 20
g y-gencatlg
942 ## - ADDED ENTRY ELEMENTS (KOHA)
Source of classification or shelving scheme
Koha item type Book
Holdings
Withdrawn status Lost status Source of classification or shelving scheme Damaged status Not for loan Permanent Location Current Location Date acquired Source of acquisition Cost, normal purchase price Total Checkouts Full call number Barcode Date last seen Cost, replacement price Price effective from Koha item type
          Pakistan Navy Engineering College (PNEC) Pakistan Navy Engineering College (PNEC) 07/19/2005 Pak Book Company 7799.60   004.678 SEU PNECLIB-027374 09/09/2014 7799.60 07/19/2005 Book
© 2023 Central Library, National University of Sciences and Technology. All Rights Reserved.